| 000 | 00902cam a22002775a 4500 | ||
|---|---|---|---|
| 001 | 17484154 | ||
| 005 | 20201128024053.0 | ||
| 008 | 121004t2013 enka frb 001 0 eng d | ||
| 020 | _a9780199767199 | ||
| 040 |
_aDLC _cDLC _dDLC _dEG-ScBUE _beng |
||
| 082 | 0 | 4 |
_a330.126 _222 _bFLE |
| 100 | 1 | _aFleurbaey, Marc. | |
| 245 | 1 | 0 |
_aBeyond GDP : _bmeasuring welfare and assessing sustainability / _cMarc Fleurbaey and Didier Blanchet. |
| 260 |
_aOxford ; _aNew York : _bOxford University Press, _cc.2013. |
||
| 300 |
_axvi, 306 p. : _bill. ; _c25 cm. |
||
| 500 | _aIncludes indexes. | ||
| 504 | _aBibliography : p. 275-287. | ||
| 650 | 7 |
_aWelfare economics. _2BUEsh |
|
| 650 | 7 |
_aGross domestic product. _2BUEsh |
|
| 650 | 7 |
_aEconomic policy. _2BUEsh _93322 |
|
| 650 | 7 |
_aSocial policy. _2BUEsh _91084 |
|
| 651 | _2BUEsh | ||
| 653 |
_bBUSECO _cDecember2016 |
||
| 700 | 1 | _aBlanchet, Didier. | |
| 942 | _2ddc | ||
| 999 |
_c23567 _d23539 |
||